Responses for Show #4710 - Friday, February 11, 2005

2005 Ultimate Tournament of Champions Round 1, game 3.

Contestants

[<< previous game]

Arthur Phillips, an author from Brooklyn, New York

Babu Srinivasan, a history professor from Houston, Texas

Melissa Seal, a law student from Kingston, Ontario, Canada

[next game >>]

Jeopardy! Round responses

COMING SOON... HISTORY!
(Alex: And the clues will be presented by the familiar voice of Don LaFontaine.)
2004 OSCAR NOMINATIONS
SECRETARY'S DAY
20th CENTURY SCIENCE TIDBITS
STATES' FORMER GOVERNORS
(Alex: You give us the state.)
MODERN QUOTATIONS
    $200 8
Benjamin Franklin

Babu
    $200 26
Sideways

Arthur
    $200 1
Didrikson-Zaharias

Melissa
    $200 3
a neutron

Babu
    $200 13
California

Arthur
    $200 14
golf

Babu
    $400 9
Kipling

Melissa
    $400 30
Closer

Arthur
    $400 2
Jonathan Swift

Arthur
    $400 4
(Melissa: What is jet exhaust?)

fog

MelissaBabu
    $400 15
Texas

Babu
    $400 17
(Arthur: What is speech?)
(Melissa: What is religion?)

the press

MelissaBabuArthur
    $600 10
the Marquess of Queensbury

Arthur
    $600 29
The Incredibles

Arthur
    $600 20
Lyndon Johnson

Babu
    $1,000 5
fireflies

Babu
    $600 16
Arizona

Arthur
    $600 23
Mao

Melissa
    $800 11
Cornwallis

Babu
    $800 28
Before Sunset

Arthur
    $800 21
Meriwether Lewis

Triple Stumper
    $800 6
barium

Arthur
    $800 18
Alabama

Babu
    $800 24
on television

Babu
    $1000 12
Mercator

Babu
    $1000 27
J.M. Barrie

Arthur
    $1000 22
Machiavelli

Melissa
    $1000 7
(Arthur: What are cards?)

magnetic tape

BabuArthur
    $1000 19
Virginia

Babu
    $1000 25
catches mice

Triple Stumper

Scores at the first commercial break (after clue 14):

Melissa Babu Arthur
$200 $4,800 $1,000

Scores at the end of the Jeopardy! Round:

Melissa Babu Arthur
$1,400 $8,800 $4,200

Double Jeopardy! Round responses

UNIVERSITY OF CHICAGO ALUMNI
DEEP VOICES
NONFICTION
"M"MMM GOOD
WORLD CAPITALS
AMERICAN HERITAGE DICTIONARY PREFERRED PLURALS
    $400 12
(James) Watson

Arthur
    $400 21
Barry White

Babu
    $400 6
swaddling

Melissa
    $400 26
mahi-mahi

Melissa
    $400 1
Kingston

Arthur
    $400 11
stimuli

Babu
    $800 14
law

Arthur
    $800 22
The Temptations

Triple Stumper
    $800 7
You're Hired

Melissa
    $800 27
marmalade

Babu
    $800 2
Brussels

Arthur
    $800 20
men-of-war

Arthur
    $1200 17
(Alex: That is former senator [*].)

Carol Moseley Braun

Triple Stumper
    $1200 23
Lou Rawls

Babu
    $1200 8
the Big Book

Arthur
    $2,800 28
Merlot

Babu
    $5,400 3
(Alex: Just like that, your chance to take the lead away from Babu.)
(Arthur: Uh, let's, um, I'll, five--$5400, please.)
(Alex: A True Daily Double.)
(Arthur: A True Daily Double, that's what I was looking for.)
[Laughter]
...
(Arthur: Oh, man. Uh, what is, uh, Ankara?)
...
(Arthur: Can I change my bet, Alex? I'm sorry.)
[Laughter]
(Alex: No, the rules haven't changed since you were a champion.)
(Arthur: Oh, I was just checking.)

Addis Ababa

Arthur
    $1200 13
(Arthur: What are manservants?)

menservants

BabuArthur
    $1600 18
Saul Bellow

Arthur
    $1600 24
Tom Waits

Triple Stumper
    $1600 9
Maida Heatter

Triple Stumper
    $1600 29
muesli

Babu
    $1600 4
Slovakia

Arthur
    $1600 15
vertices

Arthur
    $2000 19
(Alex: If it's Chicago, the theater company very likely is [*].)

Second City

Triple Stumper
    $2000 25
(Alex: A famous event in our history: [*].)

Marian Anderson

Triple Stumper
    $2000 10
A People's History

Arthur
    $2000 30
mustard greens

Triple Stumper
    $2000 5
Lisbon

Arthur
    $2000 16
genera

Arthur

Scores at the end of the Double Jeopardy! Round:

Melissa Babu Arthur
$3,000 $17,200 $12,800

[wagering suggestions for these scores]

Final Jeopardy! Round responses

1930s MOVIES
(Arthur: [After winning on the double error] I'm so sorry, Babu.)
MelissaWhat is War of the Worlds?
$1,800
ArthurWhat is All Quiet on Western Front
$4,000
BabuWhat is All's Quiet on the Western Front?
$8,500
All Quiet on the Western Front

Final scores:

Melissa Babu Arthur
$1,200 $8,700 $8,800
3rd place: $5,000 2nd place: $5,000 Winner: $15,000 + an advance to UToC Round 2

Game dynamics:

Coryat scores:

Melissa Babu Arthur
$3,000 $15,200 $18,200
7 R,
2 W
21 R
(including 2 DDs),
0 W
22 R,
4 W
(including 1 DD)

Combined Coryat: $36,400

[game clues] [game scores] [suggest correction]

Game tape date: 2005-01-31
The J! Archive is created by fans, for fans. Scraping, republication, monetization, and malicious use prohibited; this site may use cookies and collect identifying information. See terms. The Jeopardy! game show and all elements thereof, including but not limited to copyright and trademark thereto, are the property of Jeopardy Productions, Inc. and are protected under law. This website is not affiliated with, sponsored by, or operated by Jeopardy Productions, Inc. Join the discussion at JBoard.tv.